000 00492nam a22001577a 4500
003 OSt
005 20221012190140.0
008 221012b |||||||| |||| 00| 0 eng d
040 _cBiblioteca Lado V
082 _a708
_bM986e
110 _9158
_aMuseo de Arte Costarricense
_eautor
245 _aExposiciones Artes Plásticas 1928-1937/
260 _aSan Jose, Costa Rica
_bMuseo de Arte Costarricense
_c1998
300 _a48p.
_c22x28cm
942 _2ddc
_c1
_h708
_iM986e
_n0
999 _c2280
_d2280